Sports Quiz

Random Sports or Soccer Quiz

Almost Premier League Quiz Stats

Quiz Updated May 5, 2016

Challenge
Share
Tweet
Embed
Score 0/27 Timer 08:00
20 Plays Today
Seasons Team % Correct
12Bristol City
69%
15Millwall
63.9%
14Preston North End
63%
6Plymouth Argyle
61.5%
1Milton Keynes Dons
59.6%
5Brentford
56.9%
1Bristol Rovers
56.8%
7Rotherham United
56.8%
5Doncaster Rovers
56%
1Yeovil Town
55.8%
6Luton Town
54.7%
3Notts County
54%
5Oxford United
51.8%
5Peterborough United
51.2%
Seasons Team % Correct
2Burton Albion
50%
9Tranmere Rovers
49.5%
5Gillingham
48.2%
3Scunthorpe United
45.4%
4Walsall
44.6%
2Colchester United
44.5%
6Southend United
43.4%
1Cambridge United
42.6%
2Bury
42.6%
6Port Vale
42.2%
8Crewe Alexandra
42.1%
10Grimsby Town
39.8%
5Stockport County
32.3%

You're not logged in!

Compare scores with friends on all Sporcle quizzes.
Sign Up with Email
OR
Log In

You Might Also Like...

Show Comments

Extras

Top Quizzes Today


Score Distribution

Your Account Isn't Verified!

In order to create a playlist on Sporcle, you need to verify the email address you used during registration. Go to your Sporcle Settings to finish the process.